000 00896nam a2200277 i 4500
003 DO-SdBNP
005 20260601135930.0
007 ta
008 260601b2025 dr ||||| |||| 00| 0 spa d
020 _a9789945300550
040 _aDO-SdBNP
_bspa
_cBNPHU
_erda
041 _aspa
082 4 _axxx
_bD812e
_222
100 _aDuarte, Norma,
_eautor
_4aut.
_986895
245 1 0 _aEsencia de mí, un reflejo en ti /
_cNorma Margarita Duarte Duarte.
250 _aPrimera edición
264 _a[Lugar de publicación no identificado] :
_bImpreso en Rene Copia,
_c2025.
300 _a57, [8] páginas ;
_c21 cm.
336 _atexto
_btxt
_2rdacontent
337 _asin mediación
_bn
_2rdamedia
338 _avolumen
_bnc
_2rdacarrier
500 _aIncluye datos biográficos de la autora en la solapa de la contracubierta
590 _aInventariado, 2026 /LP
910 _aLP
942 _2ddc
_cLBS1
999 _c60848
_d60848